[Event "FIDE Grand Swiss 2021"]
[Site "Riga"]
[Date "06.11.2021"]
[Round "10"]
[White "Sindarov, Javokhir"]
[Black "Donchenko, Alexander"]
[Result "1/2-1/2"]
[WhiteElo "2587"]
[BlackElo "2648"]

1. e4 c6 2. d4 d5 3. f3 e6 4. Nc3 Bb4 5. Ne2 Ne7 6. a3 Ba5 7. h4 Nd7 8. h5
h6 9. Bf4 Bc7 10. Qd2 dxe4 11. Nxe4 Nd5 12. Bxc7 Qxc7 13. O-O-O b6 14. c4
N5f6 15. N2c3 Nxe4 16. fxe4 e5 17. d5 Nc5 18. Qc2 a5 19. Na4 Nxa4 20. Qxa4
Bd7 21. d6 Qd8 22. c5 O-O 23. Qc2 a4 24. Kb1 Kh8 25. Bc4 f6 26. Qf2 b5 27.
Ba2 b4 28. axb4 Qb8 29. Qd2 a3 30. Bb3 Qb5 31. Rhf1 Kh7 32. Rc1 Rfb8 33.
Bc4 Qa4 34. b3 Rxb4 35. Ka2 Qa5 36. Bf7 Qb5 37. Bc4 Qb7 38. Rf3 Rb8 39. Rg3
Be8 40. Qe2 Bf7 41. Bxf7 Qxf7 42. Rcc3 f5 43. exf5 Qxf5 44. Rcf3 Qe6 45.
Rg6 Qg8 46. Qxe5 Re8 47. Qf5 Kh8 48. Qf7 Re2+ 49. Kxa3 Rxb3+ 50. Qxb3 Qa8+
51. Kb4 Re4+ 52. Kc3 Qa1+ 53. Kc2 Re2+ 54. Kd3 Qa6+ 55. Qc4 Rd2+ 56. Kxd2
Qxc4 57. Rgg3 Qa2+ 58. Kc3 Qa1+ 59. Kd3 Qd1+ 60. Kc3 Qa1+ 61. Kb3 Qd1+ 62.
Kb2 Qd2+ 63. Ka3 Qa5+ 64. Kb3 Qb5+ 65. Ka2 Qa4+ 66. Kb2 Qb4+ 67. Rb3 Qd2+
68. Kb1 Qe1+ 69. Ka2 Qf2+ 70. Ka1 Qe1+ 71. Ka2 Qf2+ 72. Ka1 Qe1+ 1/2-1/2

[Event "FIDE Grand Swiss 2021"]
[Site "Riga"]
[Date "06.11.2021"]
[Round "10"]
[White "Kuybokarov, Temur"]
[Black "Tari, Aryan"]
[Result "1/2-1/2"]
[WhiteElo "2549"]
[BlackElo "2646"]

1. e4 e5 2. Nf3 Nc6 3. Bb5 a6 4. Ba4 Nf6 5. O-O Nxe4 6. d4 Be7 7. Re1 b5 8.
Rxe4 d5 9. Nxe5 Nxe5 10. Rxe5 bxa4 11. Nc3 O-O 12. Nxd5 Bd6 13. Rh5 g6 14.
Re5 Bb7 15. c4 Bxe5 16. dxe5 Bxd5 17. cxd5 Rb8 18. Be3 Rxb2 19. Rc1 Qd7 20.
d6 cxd6 21. exd6 Rd8 22. Bh6 f6 23. Qd5+ Qf7 24. Qa5 Rbb8 25. Qc7 Qd7 26.
Qc4+ Kh8 27. Qd4 Qf7 28. h4 Rd7 29. Qxa4 Qe6 30. Bf4 Qf5 31. Bg3 Rb1 32.
Qc6 Rxc1+ 33. Qxc1 Kg7 34. Kh2 h5 35. a4 Qd5 36. Qc8 Qb7 37. Qc5 Rd8 38.
Qe3 Rd7 39. Qc5 Rf7 40. Qc4 a5 41. Qc5 Qb4 42. Qc6 Qd4 43. Qe8 Qd5 44. Bf4
Kh7 45. f3 Rg7 46. Bg3 Qd4 47. Qd8 Qxa4 48. Qxf6 Qe8 49. Qd4 a4 50. Bf4 a3
51. Bd2 a2 52. Bc3 Rd7 53. Ba1 Qf8 54. Kh3 Qc8 55. Kg3 Qe8 56. Kh2 Qg8 57.
f4 Qf8 58. g3 Kh6 59. Qb2 Qg8 60. Qe5 Rf7 61. Qe6 Rf8 62. f5 Re8 63. Qf6
Re2+ 64. Kh3 Re1 65. Kh2 Re2+ 66. Kg1 Re1+ 67. Kf2 Rxa1 68. Qxa1 Qf7 69.
Qh8+ Qh7 70. Qxh7+ Kxh7 71. fxg6+ Kxg6 72. d7 a1=Q 73. d8=Q Qb2+ 74. Kf3
Qc3+ 75. Ke4 Qe1+ 76. Kf3 Qf1+ 77. Ke3 Qe1+ 78. Kf3 Qf1+ 79. Ke3 1/2-1/2

[Event "FIDE Grand Swiss 2021"]
[Site "Riga"]
[Date "06.11.2021"]
[Round "10"]
[White "Chigaev, Maksim"]
[Black "Henriquez Villagra, Cristobal"]
[Result "0-1"]
[WhiteElo "2639"]
[BlackElo "2608"]

1. e4 c5 2. Nf3 Nc6 3. d4 cxd4 4. Nxd4 e5 5. Nb5 d6 6. c4 Be6 7. N1c3 a6 8.
Na3 g6 9. Be2 Bg7 10. O-O Rc8 11. Nc2 Nf6 12. Be3 O-O 13. b3 b5 14. cxb5
Ne7 15. Na4 Nxe4 16. bxa6 Nd5 17. Bc4 Ndc3 18. Nxc3 Nxc3 19. Qd2 Ne4 20.
Qb4 Rb8 21. Qa3 d5 22. a7 Ra8 23. Bd3 Nc3 24. Bc5 Re8 25. Qb4 d4 26. Rfe1
Qd7 27. Na3 Rec8 28. Nc4 Bxc4 29. Bxc4 e4 30. f3 d3 31. Be3 Rxa7 32. fxe4
Rb7 33. Qa5 d2 34. Red1 Nxe4 35. Qd5 Bxa1 36. Qxe4 Re8 37. Qb1 Bd4 0-1

[Event "FIDE Grand Swiss 2021"]
[Site "Riga"]
[Date "06.11.2021"]
[Round "10"]
[White "Rakhmanov, Aleksandr"]
[Black "Yakubboev, Nodirbek"]
[Result "1/2-1/2"]
[WhiteElo "2657"]
[BlackElo "2621"]

1. Nf3 Nf6 2. g3 d5 3. Bg2 c6 4. d4 Bg4 5. O-O Nbd7 6. Nbd2 e6 7. Re1 Be7
8. e4 dxe4 9. Nxe4 O-O 10. c3 Nxe4 11. Rxe4 Bf5 12. Re1 a5 13. a4 h6 14.
Qe2 Qb6 15. Nd2 Qa6 16. Nc4 Nb6 17. b3 Rfd8 18. Ba3 Bxa3 19. Nxa3 Qxe2 20.
Rxe2 Nd5 21. Rc1 b5 22. axb5 cxb5 23. c4 bxc4 24. Nxc4 a4 25. bxa4 Rxa4 26.
Ne3 Ne7 27. d5 exd5 28. Nxf5 Nxf5 29. Re5 g6 30. Rxd5 Rxd5 31. Bxd5 1/2-1/2

[Event "FIDE Grand Swiss 2021"]
[Site "Riga"]
[Date "06.11.2021"]
[Round "10"]
[White "Matlakov, Maxim"]
[Black "Ivic, Velimir"]
[Result "1-0"]
[WhiteElo "2682"]
[BlackElo "2606"]

1. e4 c5 2. Nf3 Nc6 3. Bb5 e6 4. O-O Nge7 5. d4 cxd4 6. Nxd4 Ng6 7. Be3 Be7
8. c3 O-O 9. Nd2 Bg5 10. Qe1 Nxd4 11. cxd4 Bxe3 12. Qxe3 d6 13. Rfc1 Bd7
14. Bf1 Rc8 15. d5 exd5 16. exd5 Qf6 17. Ne4 Qe5 18. Re1 f5 19. Nd2 Qf6 20.
Qxa7 Rc2 21. Nc4 Nh4 22. Qxb7 Rxc4 23. Bxc4 Qg5 24. Bf1 Nf3+ 25. Kh1 Nxe1
26. Qxd7 Nc2 27. Rd1 Qf4 28. Qe6+ Kh8 29. Qe2 1-0

[Event "FIDE Grand Swiss 2021"]
[Site "Riga"]
[Date "06.11.2021"]
[Round "10"]
[White "Praggnanandhaa, R"]
[Black "Gelfand, Boris"]
[Result "1/2-1/2"]
[WhiteElo "2618"]
[BlackElo "2680"]

1. e4 c5 2. Nf3 Nc6 3. Bb5 e6 4. O-O Nge7 5. Re1 a6 6. Bf1 d5 7. exd5 Nxd5
8. d4 Nf6 9. Be3 Be7 10. c4 O-O 11. Nc3 b6 12. Qd2 Bb7 13. Rad1 cxd4 14.
Nxd4 Ne5 15. Nc2 Qc8 16. Qe2 Ned7 17. Bf4 Qc6 18. b4 Rad8 19. Nd4 Qc8 20.
Nxe6 fxe6 21. Qxe6+ Rf7 22. c5 Rf8 23. Bc4 Kh8 24. Qh3 bxc5 25. b5 Bd8 26.
Bd6 Ba5 27. a4 Qa8 28. Bxf8 Rxf8 29. Re7 Nb6 30. bxa6 Bxa6 31. Bxa6 Qxa6
32. Qg3 Nh5 33. Qf3 Qc8 34. Qxh5 Bxc3 35. Rd6 Bd4 36. Rde6 Bxf2+ 37. Kh1
Qa6 38. Qd1 Qxa4 39. Qf1 Nd7 40. Re8 Qf4 41. Re4 Qf6 42. R4e6 Qf4 43. Re4
Qf6 1/2-1/2

[Event "FIDE Grand Swiss 2021"]
[Site "Riga"]
[Date "06.11.2021"]
[Round "10"]
[White "Kollars, Dmitrij"]
[Black "Tabatabaei, M. Amin"]
[Result "0-1"]
[WhiteElo "2621"]
[BlackElo "2639"]

1. e4 c5 2. Nc3 Nc6 3. Nf3 d6 4. d4 cxd4 5. Nxd4 Nf6 6. Bg5 e6 7. Qd2 a6 8.
O-O-O Bd7 9. f4 Be7 10. Nf3 b5 11. Bxf6 gxf6 12. f5 Qa5 13. Kb1 h5 14. Bd3
b4 15. Ne2 e5 16. Bc4 Rc8 17. Bd5 Qb6 18. c3 a5 19. cxb4 axb4 20. Rc1 Bf8
21. Bb3 Na5 22. Rxc8+ Bxc8 23. Bd5 Bh6 24. Qd1 Ke7 25. Nc1 Ba6 26. Nd2 Bxd2
27. Qxd2 Nc4 28. Bxc4 Bxc4 29. Rd1 Rg8 30. g3 Rg4 31. Re1 Ba6 32. Nb3 Bb7
33. Qc2 h4 34. gxh4 Rxh4 35. Nd2 Rxh2 36. Nc4 Rxc2 37. Nxb6 Rf2 38. Kc1 Rf4
39. Nd5+ Bxd5 40. exd5 b3 41. a3 Rxf5 42. Re3 Rf1+ 43. Kd2 Rf2+ 44. Kc1
Rc2+ 45. Kb1 Rd2 46. Rxb3 Rxd5 47. a4 e4 48. Ra3 Kd7 49. a5 Kc7 50. a6 Kb8
0-1

[Event "FIDE Grand Swiss 2021"]
[Site "Riga"]
[Date "06.11.2021"]
[Round "10"]
[White "Bartel, Mateusz"]
[Black "Moussard, Jules"]
[Result "0-1"]
[WhiteElo "2597"]
[BlackElo "2632"]

1. e4 c6 2. Nf3 d5 3. d3 dxe4 4. dxe4 Qxd1+ 5. Kxd1 Nf6 6. Nbd2 g6 7. Bc4
Nbd7 8. Re1 Bg7 9. a4 a5 10. h3 Nc5 11. Ne5 O-O 12. c3 Bh6 13. Kc2 Kg7 14.
f3 Nh5 15. g4 Nf4 16. Nb3 Nxb3 17. Bxb3 f6 18. Nc4 Ng2 19. Bxh6+ Kxh6 20.
Rg1 Nf4 21. h4 Be6 22. Nb6 Bxb3+ 23. Kxb3 Ra6 24. Nc4 Rfa8 25. Rgd1 b5 26.
Ne3 R6a7 27. Kc2 Kg7 28. axb5 cxb5 29. Nd5 Ng2 30. Rd3 Nxh4 31. f4 g5 32.
f5 h5 33. gxh5 Kh6 34. Rg3 Rd8 35. Rd3 a4 36. Rad1 Rd6 37. Ne3 Rxd3 38.
Rxd3 Nf3 39. Rd8 Ne5 40. Rh8+ Kg7 41. Rb8 g4 42. Rxb5 g3 43. Rd5 a3 44. Rd1
a2 45. Ra1 Kh6 46. b4 Kxh5 47. b5 Kg5 48. b6 Ra8 49. c4 Kf4 50. Nd5+ Kxe4
51. Kb3 g2 52. Nc3+ Kd4 53. Nxa2 Nxc4 54. b7 Na5+ 0-1

[Event "FIDE Grand Swiss 2021"]
[Site "Riga"]
[Date "06.11.2021"]
[Round "10"]
[White "Nguyen, Thai Dai Van"]
[Black "Pichot, Alan"]
[Result "1-0"]
[WhiteElo "2577"]
[BlackElo "2628"]

1. c4 e5 2. g3 c6 3. Nf3 e4 4. Nd4 d5 5. d3 Bb4+ 6. Bd2 Bxd2+ 7. Qxd2 dxc4
8. dxe4 Nf6 9. Bg2 O-O 10. O-O Re8 11. Rd1 Nxe4 12. Qf4 Qe7 13. Nd2 Nxd2
14. Rxd2 c3 15. bxc3 Na6 16. Rb1 Nc5 17. h4 h6 18. Nb3 Nxb3 19. Rxb3 Be6
20. Rb4 Red8 21. a4 a5 22. Rbd4 Rxd4 23. Qxd4 Qa3 24. Kh2 Re8 25. Rd3 Bf5
26. Re3 Rxe3 27. Qxe3 Qa2 28. Qe5 g6 29. Qb8+ Kg7 30. Qxb7 Qxe2 31. Qb6 Qd2
32. Qc5 Bd7 33. Bf3 h5 34. Kg2 Bg4 35. Bxg4 hxg4 36. Qxc6 Qd3 37. Kh2 Qc2
38. Kg2 Qd3 39. c4 Qc2 40. c5 Qc4 41. Qb5 Qe4+ 42. Kg1 Qe1+ 43. Kg2 Qe4+
44. Kh2 Qc2 45. Kg1 Qd1+ 46. Qf1 Qxa4 47. Qc1 Qc6 48. Qc3+ Qf6 49. Qxa5 Qd4
50. Qb5 Qc3 51. Qc6 Qe5 52. Qd6 Qe1+ 53. Kg2 Qe4+ 54. Kg1 Qe1+ 55. Kg2 Qe4+
56. Kh2 Qc2 57. Qd4+ Kh7 58. Kg2 f5 59. Qd7+ Kh6 60. Qd4 Kh7 61. Qd7+ Kh6
62. Qe8 Kg7 63. c6 Qa4 64. Qe7+ Kh6 65. Qg5+ Kg7 66. Qe7+ Kh6 67. Qc5 f4
68. c7 Qe4+ 69. Kg1 Qe1+ 70. Kh2 Qf1 71. Qf8+ Kh7 72. Qf7+ 1-0

[Event "FIDE Grand Swiss 2021"]
[Site "Riga"]
[Date "06.11.2021"]
[Round "10"]
[White "Martirosyan, Haik M."]
[Black "Sethuraman, S.P."]
[Result "1/2-1/2"]
[WhiteElo "2624"]
[BlackElo "2620"]

1. d4 d5 2. c4 c6 3. Nf3 Nf6 4. Nc3 e6 5. Bg5 dxc4 6. a4 b5 7. axb5 cxb5 8.
Nxb5 Qb6 9. Na3 Bxa3 10. Qa4+ Nc6 11. Qxa3 Ne4 12. e3 f6 13. Bf4 Nb4 14.
Rc1 Ba6 15. Bc7 Qxc7 16. Qxb4 Rb8 17. Qa4+ Bb5 18. Qa3 Qe7 19. Qa5 Nd6 20.
Nd2 O-O 21. Nxc4 Rfc8 22. b3 Kf8 23. Be2 Bxc4 24. bxc4 Nxc4 25. Bxc4 Qb4+
26. Qxb4+ Rxb4 27. Kd2 Rbxc4 28. Rxc4 Rxc4 29. Ra1 Rc7 30. Ra6 Kf7 31. g4
g5 32. Kd3 Rb7 33. Ke4 Re7 34. h3 Kg6 35. f4 gxf4 36. exf4 h5 37. gxh5+
Kxh5 38. f5 exf5+ 39. Kxf5 Rd7 40. Ra4 Rd6 41. Rxa7 Kh4 42. Rh7+ Kg3 43.
Ke4 Re6+ 44. Kd5 Ra6 45. h4 f5 46. Ke5 f4 47. Rg7+ Kf3 48. d5 Rh6 49. d6
Rxh4 50. Rf7 Rh5+ 51. Rf5 Rxf5+ 52. Kxf5 Kg3 53. d7 f3 54. d8=Q f2 55. Qd3+
Kg2 56. Qd2 Kh1 57. Qe2 Kg1 58. Qe3 Kg2 59. Qd2 Kh1 60. Qxf2 1/2-1/2

[Event "FIDE Grand Swiss 2021"]
[Site "Riga"]
[Date "06.11.2021"]
[Round "10"]
[White "Suleymanli, Aydin"]
[Black "Brkic, Ante"]
[Result "0-1"]
[WhiteElo "2541"]
[BlackElo "2621"]

1. d4 Nf6 2. c4 e6 3. Nc3 Bb4 4. f3 c5 5. d5 b5 6. e4 d6 7. Ne2 bxc4 8. Nf4
e5 9. Ne2 Nbd7 10. Ng3 Nb6 11. Be2 Ng8 12. h4 Ne7 13. h5 h6 14. f4 exf4 15.
Bxf4 g5 16. hxg6 Nxg6 17. Qd2 Qe7 18. O-O Bd7 19. Bxh6 O-O-O 20. Nh5 Bxc3
21. bxc3 Qxe4 22. Bg7 Rhe8 23. Rf2 Qe3 24. Bf1 Qxd2 25. Rxd2 Re3 26. Kf2
Re4 27. a4 Rg8 28. a5 Na4 29. g3 Ne5 30. Ra3 Ng4+ 31. Kf3 f5 32. Re2 Rxe2
33. Bxe2 Nb2 34. Ra2 Nd3 35. Bxd3 cxd3 36. c4 Be8 37. Nf6 Rxg7 38. Nxe8 Rg6
39. Kf4 Nh6 0-1

[Event "FIDE Grand Swiss 2021"]
[Site "Riga"]
[Date "06.11.2021"]
[Round "10"]
[White "Jobava, Baadur"]
[Black "Jumabayev, Rinat"]
[Result "1/2-1/2"]
[WhiteElo "2582"]
[BlackElo "2658"]

1. e4 c5 2. Nf3 d6 3. Bb5+ Bd7 4. Bxd7+ Nxd7 5. O-O Ngf6 6. Qe2 e6 7. c3
Be7 8. d4 O-O 9. Rd1 Rc8 10. e5 Ne8 11. Bf4 Qb6 12. h4 cxd4 13. cxd4 Nc7
14. Nc3 Rfd8 15. Ng5 dxe5 16. dxe5 Nf8 17. Qf3 Qc6 18. Nce4 Rxd1+ 19. Rxd1
Nd5 20. Be3 Bxg5 21. Nxg5 Rc7 22. Bxa7 h6 23. Ne4 Ng6 24. Bb8 Nxh4 25. Qg4
Rc8 26. Nf6+ Nxf6 27. exf6 Ng6 28. Be5 Kh7 29. Qg3 gxf6 30. Bxf6 Rg8 31.
Qd3 h5 32. Qd7 Ne5 33. Qxc6 Nxc6 34. Rd7 Kg6 35. Bc3 Rb8 36. a4 b5 37. Rc7
b4 38. Bd2 Rb6 39. Kf1 Ra6 40. Ke2 Nd4+ 41. Kd3 e5 42. Rc4 Rxa4 43. Rxb4
Ra1 44. Be3 Rd1+ 45. Kc3 Nf5 46. Re4 f6 47. b4 Nd6 48. Rh4 f5 49. g3 e4 50.
Kc2 Rd3 51. Bc5 Nb5 52. Rh1 Na3+ 53. Kb2 Nc4+ 54. Kc2 Na3+ 55. Kb2 1/2-1/2

[Event "FIDE Grand Swiss 2021"]
[Site "Riga"]
[Date "06.11.2021"]
[Round "10"]
[White "Onyshchuk, Volodymyr"]
[Black "Mamedov, Rauf"]
[Result "1-0"]
[WhiteElo "2622"]
[BlackElo "2673"]

1. e4 c5 2. Nf3 g6 3. c3 d5 4. exd5 Qxd5 5. d4 Bg7 6. dxc5 Qxd1+ 7. Kxd1
Nf6 8. Nbd2 O-O 9. Bc4 Nc6 10. Ke2 Rd8 11. Nb3 Bg4 12. Bb5 Ne5 13. Bf4 Nxf3
14. gxf3 Bh5 15. Rhd1 Rdc8 16. Rd3 a6 17. Bc4 e6 18. Rad1 Bf8 19. Kf1 Ne8
20. Kg2 Bxc5 21. Nxc5 Rxc5 22. Rd8 Rcc8 23. Rxc8 Rxc8 24. Bb3 Ng7 25. Rd7
b5 26. Ra7 Nf5 27. Rxa6 Nh4+ 28. Kh3 Nxf3 29. Rxe6 g5 30. Be3 Kg7 31. Re7
Rc6 32. Rb7 Bg6 33. Bd5 Rf6 34. Kg3 Ng1 35. Kg2 Ne2 36. Rxb5 Bd3 37. Rb7
Rd6 38. c4 Rf6 39. f3 h5 40. Bxg5 1-0

[Event "FIDE Grand Swiss 2021"]
[Site "Riga"]
[Date "06.11.2021"]
[Round "10"]
[White "Cheparinov, Ivan"]
[Black "Kravtsiv, Martyn"]
[Result "1-0"]
[WhiteElo "2659"]
[BlackElo "2625"]

1. d4 Nf6 2. c4 e6 3. Nc3 Bb4 4. f3 c5 5. d5 O-O 6. e4 Re8 7. Ne2 d6 8. Ng3
b5 9. Be2 exd5 10. cxd5 c4 11. O-O Nbd7 12. Kh1 Rb8 13. Be3 a5 14. Qc2 a4
15. b3 a3 16. Bd4 Ba6 17. Rab1 Ne5 18. bxc4 bxc4 19. Qa4 Qa5 20. Rxb4 Qxb4
21. Qxa6 Ra8 22. Qb5 Reb8 23. Qxb4 Rxb4 24. Nf5 1-0

[Event "FIDE Grand Swiss 2021"]
[Site "Riga"]
[Date "06.11.2021"]
[Round "10"]
[White "Georgiev, Kiril"]
[Black "Gukesh, D"]
[Result "0-1"]
[WhiteElo "2577"]
[BlackElo "2640"]

1. d4 Nf6 2. c4 e6 3. Nf3 d5 4. Nc3 Bb4 5. e3 O-O 6. Bd2 b6 7. a3 Bd6 8.
Rc1 a6 9. Bd3 Bb7 10. cxd5 exd5 11. O-O Nbd7 12. Ne2 Qe7 13. Ng3 g6 14. Bb4
c5 15. dxc5 bxc5 16. Bc3 Rfd8 17. Re1 a5 18. Qa4 c4 19. Bb1 Nc5 20. Qd1 Nb3
21. Rc2 Ne4 22. Nxe4 dxe4 23. Nd4 Nc5 24. Qg4 Nd3 25. Rf1 Ne5 26. Qe2 Nf3+
27. Nxf3 exf3 28. Qxc4 fxg2 29. Re1 Bf3 30. Ba2 Rac8 31. Qa4 Rc5 32. Rd2
Bc6 33. Qg4 Bxh2+ 34. Kxh2 Rxd2 35. Bxd2 Rh5+ 36. Kg3 Rg5 0-1

[Event "FIDE Grand Swiss 2021"]
[Site "Riga"]
[Date "06.11.2021"]
[Round "10"]
[White "Abasov, Nijat"]
[Black "Adly, Ahmed"]
[Result "0-1"]
[WhiteElo "2638"]
[BlackElo "2602"]

1. d4 Nf6 2. c4 e6 3. Nf3 Bb4+ 4. Nbd2 d5 5. e3 O-O 6. a3 Be7 7. Qc2 b6 8.
b4 c5 9. bxc5 bxc5 10. dxc5 Ba6 11. Bb2 Qa5 12. Be2 Rc8 13. O-O Nbd7 14.
Bc3 Qd8 15. c6 Rxc6 16. Qa4 Qc8 17. Nd4 Rc7 18. Nb5 Bxb5 19. Qxb5 Rb8 20.
Qa4 Nb6 21. Qc2 Nfd7 22. Rfc1 dxc4 23. e4 Bf6 24. a4 Bxc3 25. Qxc3 Nc5 26.
a5 Nba4 27. Qxc4 Na6 28. Rxa4 Rxc4 29. Raxc4 Qd8 30. Nf3 g6 31. Ne5 Qg5 32.
Rc8+ Rxc8 33. Rxc8+ Kg7 34. Nxf7 Kxf7 35. Bxa6 Qxa5 36. Rc6 Qe1+ 37. Bf1 a5
38. Rc7+ Kf8 39. Rxh7 a4 40. Ra7 Qb4 41. g3 a3 42. h4 Qb3 0-1

[Event "FIDE Grand Swiss 2021"]
[Site "Riga"]
[Date "06.11.2021"]
[Round "10"]
[White "Dreev, Aleksey"]
[Black "Ganguly, Surya Shekhar"]
[Result "0-1"]
[WhiteElo "2635"]
[BlackElo "2617"]

1. d4 Nf6 2. Nf3 d5 3. c4 e6 4. e3 b6 5. Nc3 Bd6 6. b3 Bb7 7. Bb2 Nbd7 8.
Bd3 O-O 9. O-O a6 10. Rc1 Qe7 11. cxd5 exd5 12. Nh4 g6 13. Nf3 Ne4 14. Ne2
f5 15. Bb1 g5 16. Ne5 Nxe5 17. dxe5 Bxe5 18. Bxe5 Qxe5 19. f3 Nc5 20. Qd4
Rae8 21. b4 Qxe3+ 22. Qxe3 Rxe3 23. Nd4 Ne6 24. Kf2 f4 25. Nxe6 Rxe6 26.
Rxc7 Rf7 27. Rxf7 Kxf7 28. Bxh7 Rc6 29. Rb1 Rc7 30. Bd3 Kf6 31. Ke2 Ke5 32.
Kd2 Kd4 33. Rb3 Rc8 34. Ra3 Rh8 35. h3 Ra8 36. Ra4 Ke5 37. Kc3 Bc8 38. Kd2
Bb7 39. Kc3 d4+ 40. Kd2 a5 41. bxa5 Rxa5 42. Rxa5+ bxa5 43. Ke2 Bd5 44. a3
Kd6 45. Kf2 Kc5 46. Ke1 Bc4 47. Bg6 Ba6 48. Bf7 Bd3 49. Be6 Kb5 50. Bb3 Bc4
51. Bd1 Kb6 52. Ba4 Kc5 53. Bc2 Kb5 54. Bd1 Be6 55. Kd2 Kc4 56. Bc2 Bd7 57.
Bg6 Kb3 58. Kd3 Kxa3 59. Kxd4 Kb2 0-1

[Event "FIDE Grand Swiss 2021"]
[Site "Riga"]
[Date "06.11.2021"]
[Round "10"]
[White "Gretarsson, Hjorvar Steinn"]
[Black "Kovalev, Vladislav"]
[Result "1/2-1/2"]
[WhiteElo "2577"]
[BlackElo "2634"]

1. d4 Nf6 2. c4 e6 3. Nc3 Bb4 4. Qc2 b6 5. e4 c5 6. d5 Qe7 7. Ne2 exd5 8.
exd5 O-O 9. Bd2 d6 10. O-O-O Ng4 11. Be1 Qg5+ 12. Qd2 Qxd2+ 13. Kxd2 a6 14.
a3 Ba5 15. Nc1 Nf6 16. f3 Nbd7 17. Nb3 Bxc3+ 18. Kxc3 Re8 19. Bh4 Nh5 20.
Re1 Rxe1 21. Bxe1 Ne5 22. Bh4 f6 23. Nd2 g5 24. Bf2 f5 25. g3 a5 26. Be2
Nf6 27. Be3 Nf7 28. h4 h6 29. hxg5 hxg5 30. Kc2 Bd7 31. Nb1 Kg7 32. Nc3 Kg6
33. Kd2 Ra7 34. f4 g4 35. Bd3 Ra8 36. Bf2 Re8 37. Kc2 Nh6 38. Re1 Rh8 39.
Rh1 Re8 40. Re1 Rh8 41. Kd2 Rb8 42. Rb1 Ra8 43. b4 axb4 44. axb4 Kf7 45.
Bc2 Ne4+ 46. Bxe4 fxe4 47. bxc5 bxc5 48. Rb7 Ke7 49. Nxe4 Nf5 50. Bxc5 dxc5
51. Nxc5 Rd8 52. Ne4 Kf8 53. Kc3 Be8 54. Rb6 Kg7 55. Rb7+ Kg6 56. Rb6+ Kg7
57. Re6 Bf7 58. Re5 Kg6 59. Nf2 Nxg3 60. Nxg4 Nf5 61. Nf2 Rc8 62. Ng4 Rc7
63. Kd3 Ra7 64. c5 Ra3+ 65. Kd2 Ra2+ 66. Kc3 Ra3+ 67. Kb2 Rd3 68. d6 Nxd6
69. Kc2 Rd4 70. cxd6 Rxd6 71. Rg5+ Kh7 72. Kc3 Rg6 73. Rh5+ Kg7 74. Rh4 Be6
75. Ne3 Rh6 76. Rxh6 Kxh6 77. f5 Bxf5 78. Nxf5+ 1/2-1/2

[Event "FIDE Grand Swiss 2021"]
[Site "Riga"]
[Date "06.11.2021"]
[Round "10"]
[White "Vokhidov, Shamsiddin"]
[Black "Durarbayli, Vasif"]
[Result "1/2-1/2"]
[WhiteElo "2521"]
[BlackElo "2629"]

1. e4 c5 2. Nf3 d6 3. d4 cxd4 4. Nxd4 Nf6 5. Nc3 a6 6. h3 e6 7. g4 d5 8.
Nde2 Bc5 9. exd5 Qb6 10. Be3 Bxe3 11. fxe3 Qxb2 12. dxe6 Bxe6 13. Qb1 Qxb1+
14. Rxb1 Nc6 15. Rxb7 O-O-O 16. Rb1 Nd5 17. Bg2 Kc7 18. Bxd5 Bxd5 19. Nxd5+
Rxd5 20. Rf1 f6 21. Nf4 Re5 22. Kf2 Rd8 23. Rfd1 g5 24. Rxd8 Nxd8 25. Nh5
f5 26. Nf6 fxg4 27. hxg4 Rc5 28. c3 Nf7 29. e4 Ne5 30. Ke2 Ra5 31. Rh1
Rxa2+ 32. Ke3 Kd6 33. Rxh7 Ra4 34. Ne8+ Ke6 35. Nc7+ Kd6 1/2-1/2

[Event "FIDE Grand Swiss 2021"]
[Site "Riga"]
[Date "06.11.2021"]
[Round "10"]
[White "Goryachkina, Aleksandra"]
[Black "Neiksans, Arturs"]
[Result "1-0"]
[WhiteElo "2602"]
[BlackElo "2570"]

1. d4 Nf6 2. c4 e6 3. Nf3 b6 4. a3 Ba6 5. Qc2 c5 6. d5 exd5 7. cxd5 Bb7 8.
e4 Qe7 9. Bd3 Nxd5 10. O-O Nc7 11. b4 Nc6 12. bxc5 Qxc5 13. Nc3 Ne6 14. Be3
Qd6 15. Rfd1 Qb8 16. Bc4 Be7 17. Nd5 Bd8 18. Rac1 O-O 19. a4 Bc7 20. h3 Bd6
21. Nh4 Bc5 22. Bxc5 bxc5 23. Rb1 Ned4 24. Qc3 Qd8 25. Qg3 Rb8 26. Nf5 g6
27. Nd6 Ba8 28. e5 Rxb1 29. Rxb1 Kg7 30. Rd1 Na5 31. Rxd4 cxd4 32. Nf5+ Kh8
33. Nf6 Rg8 34. Qh4 h5 35. Qg5 Qf8 36. Bxf7 Be4 37. Bxg6 Rxg6 38. Qxh5+ 1-0

[Event "FIDE Grand Swiss 2021"]
[Site "Riga"]
[Date "06.11.2021"]
[Round "10"]
[White "Meshkovs, Nikita"]
[Black "Adhiban, Baskaran"]
[Result "1/2-1/2"]
[WhiteElo "2550"]
[BlackElo "2672"]

1. Nf3 Nf6 2. c4 g6 3. Nc3 c5 4. d4 cxd4 5. Nxd4 Nc6 6. e4 Nxd4 7. Qxd4 d6
8. Be3 Bg7 9. Be2 O-O 10. Qd2 a5 11. O-O a4 12. Rad1 Qa5 13. Bd4 Be6 14.
Qe3 Rfe8 15. Nd5 Bxd5 16. cxd5 Rec8 17. a3 Nd7 18. Bg4 Qb5 19. Bxg7 Kxg7
20. Rd4 Rc7 21. Rb4 Qc5 22. Bxd7 Qxe3 23. fxe3 Rxd7 24. Rc1 Ra5 25. Rcc4 b5
26. Rc8 Rb7 27. Kf2 Raa7 28. Kf3 Kf6 29. h4 h5 30. Kf4 Rb6 31. g3 Rab7 32.
Rc2 e6 33. Rc8 Ra7 34. Re8 Rc7 35. dxe6 fxe6 36. Ra8 Rc2 37. e5+ dxe5+ 38.
Ke4 Rbc6 39. Rf8+ Ke7 40. Rb8 R2c4+ 41. Rxc4 bxc4 42. Rb7+ Kf6 43. Rb4 c3
44. bxc3 Rxc3 45. Rxa4 Rc1 46. Kf3 Rf1+ 47. Kg2 Ra1 48. Kf3 Rf1+ 49. Kg2
Ra1 1/2-1/2

[Event "FIDE Grand Swiss 2021"]
[Site "Riga"]
[Date "06.11.2021"]
[Round "10"]
[White "Movsesian, Sergei"]
[Black "Paravyan, David"]
[Result "1/2-1/2"]
[WhiteElo "2627"]
[BlackElo "2642"]

1. e4 c5 2. Nf3 e6 3. Nc3 Nc6 4. Bb5 Nd4 5. Bd3 a6 6. Nxd4 cxd4 7. Ne2 d5
8. exd5 Qxd5 9. O-O Nf6 10. c3 dxc3 11. dxc3 Bc5 12. Nf4 Qd8 13. Nh5 Nxh5
14. Qxh5 Qxd3 15. Qxc5 Qd5 16. Qa3 Bd7 17. Be3 Bc6 18. f3 Rd8 19. Rf2 Qc4
20. Re1 Qa4 21. Qxa4 Bxa4 22. b3 Bc6 23. Bb6 Rd7 24. h4 h6 25. Ree2 g5 26.
Rd2 f6 27. Rxd7 Kxd7 28. Rd2+ Ke7 29. Bc5+ Kf7 30. Bb6 g4 31. Kf2 gxf3 32.
gxf3 Kg6 33. Rd8 Rxd8 1/2-1/2

[Event "FIDE Grand Swiss 2021"]
[Site "Riga"]
[Date "06.11.2021"]
[Round "10"]
[White "Bjerre, Jonas Buhl"]
[Black "Morovic Fernandez, Ivan"]
[Result "1-0"]
[WhiteElo "2569"]
[BlackElo "2510"]

1. e4 e5 2. Nf3 Nc6 3. Bb5 a6 4. Ba4 Nf6 5. O-O Be7 6. Re1 b5 7. Bb3 d6 8.
c3 O-O 9. h3 Be6 10. d4 Bxb3 11. axb3 Qc8 12. d5 Nb8 13. c4 Nbd7 14. Nc3
Qb7 15. Qe2 b4 16. Na4 a5 17. Bg5 Rfc8 18. Rac1 c5 19. dxc6 Rxc6 20. Rcd1
Qc7 21. Nh2 Nf8 22. Bxf6 Bxf6 23. Rd5 Ne6 24. g3 Nd4 25. Qd3 h5 26. Nf3 g6
27. Nxd4 exd4 28. Rc1 Re8 29. c5 dxc5 30. Rcxc5 Rxc5 31. Nxc5 Rd8 32. Rxd8+
Qxd8 33. Qc4 Qc8 34. Kg2 d3 35. Qd5 d2 36. Nd7 Bxb2 37. Qxd2 Bg7 38. Qd5
Qd8 39. Qc6 Qe7 40. Kf3 Kh7 41. h4 Bc3 42. Ke3 Kg7 43. Qd5 Bb2 44. Kd3 Bc3
45. Kc4 Be1 46. Qd4+ f6 47. Nc5 Qe8 48. Qe3 Bc3 49. f4 Kf7 50. Qd3 Qc6 51.
Qd1 Ke7 52. f5 Kf7 53. fxg6+ Kxg6 54. g4 hxg4 55. Qxg4+ Kh6 56. Qg8 Be5 57.
Qh8+ Kg6 58. h5+ Kg5 59. Qh7 Bd6 60. Qf5+ Kh4 61. h6 Bxc5 62. Qxc5 Qb7 63.
Qd6 Qc8+ 64. Kb5 Kg5 65. h7 Kg6 66. Qh2 Qb7+ 67. Kxa5 Qa7+ 68. Kxb4 Qd4+
69. Kb5 Qd3+ 70. Ka4 Qa6+ 71. Kb4 Qb6+ 72. Ka3 Qa7+ 73. Kb2 Qd4+ 74. Kb1
Qd3+ 75. Ka2 1-0